a System of national education / (Record no. 44719)
[ view plain ]
| 000 -LEADER | |
|---|---|
| fixed length control field | 01051nam a22002177a 4500 |
| 003 - CONTROL NUMBER IDENTIFIER | |
| control field | CUTN |
| 005 - DATE AND TIME OF LATEST TRANSACTION | |
| control field | 20250612124900.0 |
| 008 - FIXED-LENGTH DATA ELEMENTS--GENERAL INFORMATION | |
| fixed length control field | 250612b |||||||| |||| 00| 0 eng d |
| 020 ## - INTERNATIONAL STANDARD BOOK NUMBER | |
| International Standard Book Number | 9789355280633 |
| 041 ## - LANGUAGE CODE | |
| Language | English |
| 082 ## - DEWEY DECIMAL CLASSIFICATION NUMBER | |
| Classification number | 370.954 |
| Item number | AUR |
| 100 ## - MAIN ENTRY--PERSONAL NAME | |
| Personal name | Aurobindo Ghose |
| 245 ## - TITLE STATEMENT | |
| Title | a System of national education / |
| Statement of responsibility, etc | Aurobindo Ghose |
| 260 ## - PUBLICATION, DISTRIBUTION, ETC. (IMPRINT) | |
| Place of publication, distribution, etc | India : |
| Name of publisher, distributor, etc | Maxwell Press , |
| Date of publication, distribution, etc | 2022. |
| 300 ## - PHYSICAL DESCRIPTION | |
| Extent | 67p. : |
| Other physical details | ill ; |
| 505 ## - FORMATTED CONTENTS NOTE | |
| Contents | The Human Mind <br/>Powers of the Mind<br/>The Moral Nature<br/>The Training of the Senses<br/>The Training of the Intellect<br/>Methods of Teaching |
| 520 ## - SUMMARY, ETC. | |
| Summary, etc | Aurobindo's "A System of National Education" is a powerful critique of the prevalent Western-influenced educational system in India and a blueprint for a new, truly "national" education. He argues that the existing system was designed to create clerks and subservient individuals, rather than fostering the holistic development of the human being and the genius of the Indian nation. |
| 650 ## - SUBJECT ADDED ENTRY--TOPICAL TERM | |
| Topical term or geographic name as entry element | Education |
| 650 ## - SUBJECT ADDED ENTRY--TOPICAL TERM | |
| Topical term or geographic name as entry element | Education in India |
| 942 ## - ADDED ENTRY ELEMENTS (KOHA) | |
| Source of classification or shelving scheme | Dewey Decimal Classification |
| Koha item type | General Books |
| Withdrawn status | Lost status | Source of classification or shelving scheme | Damaged status | Not for loan | Collection code | Home library | Location | Shelving location | Date of Cataloging | Total Checkouts | Full call number | Barcode | Date last seen | Date checked out | Price effective from | Koha item type |
|---|---|---|---|---|---|---|---|---|---|---|---|---|---|---|---|---|
| Dewey Decimal Classification | Non-fiction | CUTN Central Library | CUTN Central Library | Social Sciences | 12/06/2025 | 1 | 370.954 AUR | 51547 | 10/11/2025 | 27/10/2025 | 12/06/2025 | General Books |
